000 00982nam0a22002531 4500
001 rc\1141649
005 20260407132350.0
035 _a(NLR Aleph) 006388072
090 _a5129396
_c5129396
100 _a20041129d1980 |||y0rusy50 ca
101 0 _arus
102 _aRU
105 _aa |||||||||
200 1 _aИсследование бетонов с применением полимеров
_eСб. науч. тр.
_fНИИ бетона и железобетона
_gПод ред. В.В. Патуроева, И.Е. Путляева
210 _aМ.
_cСтройиздат
_d1980
215 _a105 с.
_cил.
_d21
320 _aБиблиогр. в конце работ
702 1 _aПатуроев
_bВ.В.
_gВасилий Васильевич
_4340
712 0 2 _aНИИ бетона и железобетона
_cМосква
_3RU\NLR\AUTH\889993516
_9483522
801 0 _aRU
_bNLR
_gpsbo
801 1 _aRU
_bELAR
_2rusmarc
852 _aNLR
_j81-5/676
942 _cBOOK
980 _aNB